| 000 | 01711cam a22004694i 4500 | ||
|---|---|---|---|
| 003 | PE-LiUPU | ||
| 005 | 20250731172944.0 | ||
| 008 | 150623s1997 miu rb 000 0 eng d | ||
| 020 | _a0802801587 | ||
| 035 | _a(Sirsi) i9780802801586 | ||
| 040 |
_aPE-LiUPU _bspa _cPE-LiUPU _erda |
||
| 049 | _aPRUA | ||
| 082 | 0 | 4 |
_a282.092 _bO181b _221 |
| 100 |
_aO'Connell, Marvin Richard, _eautor. _9344 |
||
| 245 | 1 | 0 |
_aBlaise Pascal : _breasons of the heart / _cMarvin R. O'Connell. |
| 264 | 1 |
_aMichigan : _bWilliam B. Eerdmans Publishing Company, _c1997. |
|
| 300 |
_a210 páginas ; _c23 cm. |
||
| 336 |
_atext _2rdacontent |
||
| 337 |
_aunmediated _2rdamedia |
||
| 338 |
_avolume _2rdacarrier |
||
| 490 | 1 | _aLibrary of religious biography | |
| 505 | 0 | _aProdigy from the auvergne -- The ghost of Augustine -- Port-Royal. -Bereavement and the lure of the world -- The nigth of fire. -Conversation at Port-Royal des champs -- Les provinciales -- Poised on the battlements -- "May God never abandon me". | |
| 526 | _aSEG42 | ||
| 526 | _aSEG41 | ||
| 526 | _aSEG40 | ||
| 526 | _aSEG39 | ||
| 526 | _aP94 | ||
| 526 | _aP87 | ||
| 526 | _aP86 | ||
| 526 | _aP85 | ||
| 526 | _aP77 | ||
| 526 | _aP76 | ||
| 526 | _aP35 | ||
| 600 | 1 |
_aPascal, Blaise. _d1623-1662 |
|
| 650 | 0 | 4 |
_aApologética _xHistoria _ySiglo XVII. |
| 650 | 0 | 4 |
_aFrancia _xVida intelectual _ySiglo XVII. |
| 650 | 0 | 4 |
_aJansenistas _zFrancia _vBiografía. |
| 942 |
_2ddc _cBOOK |
||
| 949 |
_a282.092 O29 _wDEWEY _c1 _i44694 _d2016-5-19 _e2016-5-16 _lCCODEBUL1 _mBUL _n1 _r0 _sY _tBOOK _u2015-6-24 _xTEOLOGIA _0COMPRA _o.STAFF. Colección Teología |
||
| 980 |
_81 _gALBERTO SANCHEZ Responsable de Automatización |
||
| 999 |
_c21558 _d21558 |
||